000 00538nam a2200193Ia 4500
008 100920s9999 xx 000 0 und d
082 _b57332
_a--- थ 73
100 _aआपटे हरि नारायण.
245 _aआजच !.
260 _bरम्यकथा प्रकाशन, पुणे.
260 _c1973
300 _a260
_bसाधी
365 _b40
520 _aकादंबरी.
630 _aआजच !.
650 _aकादंबरी.
730 _aआजच !.
942 _cBOOK
999 _c701215
_d701212